000
00221 a2200097 4500
001
14385
100
_a
Tsunoda, R
245
_a
Sourecs of Japanese tradition
260
_a
New York
_b
Clumbia univ
_c
090
_c
11279
_d
11279
942
_a
NUST-CAE
_c
M
_c
1424
999
_c
249458
_d
249458